Pragmatique (La)-Histoire et critique (Record n. 65632)
[ formato base ]
| 000 -LEADER | |
|---|---|
| fixed length control field | 01386nam a2200301Ia 4500 |
| 001 - CONTROL NUMBER | |
| control field | 71835 |
| 003 - CONTROL NUMBER IDENTIFIER | |
| control field | IT-RoPAU |
| 008 - FIXED-LENGTH DATA ELEMENTS--GENERAL INFORMATION | |
| fixed length control field | 130308s9999 xx 000 0 und d |
| 040 ## - CATALOGING SOURCE | |
| Original cataloging agency | IT-RoPAU |
| 040 ## - CATALOGING SOURCE | |
| Transcribing agency | IT-RoPAU |
| 041 ## - LANGUAGE CODE | |
| Language code of text/sound track or separate title | FRANCESE |
| 999 ## - SYSTEM CONTROL NUMBERS (KOHA) | |
| Koha Dewey Subclass [OBSOLETE] | SI |
| 100 ## - MAIN ENTRY--PERSONAL NAME | |
| Personal name | Latraverse Francois |
| 100 ## - MAIN ENTRY--PERSONAL NAME | |
| Miscellaneous information | Codice Aut. SPICS: 24987 |
| 245 ## - TITLE STATEMENT | |
| Title | Pragmatique (La)-Histoire et critique |
| 245 ## - TITLE STATEMENT | |
| Remainder of title | Pragmatique (La)-Histoire et Critique |
| 250 ## - EDITION STATEMENT | |
| Edition statement | 1a ed. |
| 260 ## - PUBLICATION, DISTRIBUTION, ETC. (IMPRINT) | |
| Place of publication, distribution, etc. | BRUXELLES |
| 260 ## - PUBLICATION, DISTRIBUTION, ETC. (IMPRINT) | |
| Name of publisher, distributor, etc. | Mardaga Pierre |
| 260 ## - PUBLICATION, DISTRIBUTION, ETC. (IMPRINT) | |
| Date of publication, distribution, etc. | 1987 [1° Ed.:1987 - Ed.Ling.Originale:1987] |
| 300 ## - PHYSICAL DESCRIPTION | |
| Extent | "268 p. (prefazione: no ; testo: 268 [pagine: 0-0])" |
| 500 ## - GENERAL NOTE | |
| General note | Storia e Critca della Pragmatica Delimitazione e Organizzazione Interna della Pragmatica Pragmatica e Fenomenalità semiosi Interpretazione e Pragmatica Interpretazione presso peirce Organizzazione della Semiotica Secondo I Fondamenti della Teoria dei Segni Sintassi Semantica Valutazione Morris Pragmatica presso Carnap e Reichenbach Pragmatica Empirica e Teorica Razionalità Pragmatica Analisi Pragmatica Pragmatica Formale Pragmatica di Montague Scott Lewis Kaplan Stalnaker Pragmatica e Linguistica Natura della Competenza Discorsivo Contesto Katz e Searle Distinzione Pragmatica e Gioco di Linguaggio |
| 650 ## - SUBJECT ADDED ENTRY--TOPICAL TERM | |
| Topical term or geographic name as entry element | LINGUISTICA |
| 650 ## - SUBJECT ADDED ENTRY--TOPICAL TERM | |
| Relator term | Codice materia Spics: 3201 |
| 942 ## - ADDED ENTRY ELEMENTS (KOHA) | |
| Koha item type | LIBRO |
| 957 ## - | |
| -- | 1 |
| 999 ## - SYSTEM CONTROL NUMBERS (KOHA) | |
| -- | 1 |
| Withdrawn status | Lost status | Damaged status | Not for loan | Home library | Current library | Date acquired | Total Checkouts | Full call number | Date last seen | Price effective from | Koha item type | Public note |
|---|---|---|---|---|---|---|---|---|---|---|---|---|
| Buone Condizioni | Not For Loan | SPICS-MEDIATECA | SPICS-MEDIATECA | 08/03/2013 | 71835 | 08/03/2013 | 08/03/2013 | LIBRO | Progressivo inserimento: 2789 / N. Volumi: 1 Copie: 1 Copia Rara: SI / data import: 1 marzo 2013 - By Epidotti, Trombetti, Vaglietti. |